书目信息 |
| 题名: |
科学活动中的行为规范
|
|
| 作者: | 王蒲生 著 | |
| 分册: | ||
| 出版信息: | 呼和浩特 内蒙古人民出版社 2006 |
|
| 页数: | 291页 | |
| 开本: | 21cm | |
| 丛书名: | 清华大学科技哲学文丛 | |
| 单 册: | ||
| 中图分类: | B82-057 | |
| 科图分类: | ||
| 主题词: | 科学技术 , 科学技术--道德规范 , 道德规范 , 伦理学 | |
| 电子资源: | ||
| ISBN: | 7-204-08367-9 | |
| 000 | 01014oam2 2200301 450 | |
| 001 | 0962525347 | |
| 005 | 20090929172317.48 | |
| 010 | @a7-204-08367-9@dCNY21.80 | |
| 100 | @a20070817d2006 em y0chiy50 ea | |
| 101 | 0 | @achi |
| 102 | @aCN@b150000 | |
| 105 | @ay z 000yy | |
| 106 | @ar | |
| 200 | 1 | @a科学活动中的行为规范@f王蒲生著@Ake xue huo dong zhong de xing wei gui fan |
| 210 | @a呼和浩特@c内蒙古人民出版社@d2006 | |
| 215 | @a291页@d21cm | |
| 225 | 2 | @a清华大学科技哲学文丛 |
| 300 | @a清华大学亚洲研究中心2005年度课题成果 清华大学人文社会科学学院出版基金支助 | |
| 330 | @a本书分为“理论与规范”和“案例分析”两编。内容包括有关科学研究的行为规范、学术信誉分配中的问题及规范等。 | |
| 461 | 0 | @1001003537141 |
| 606 | 0 | @a科学技术 |
| 606 | 0 | @a科学技术@x道德规范 |
| 606 | 0 | @a道德规范 |
| 606 | 0 | @a伦理学 |
| 690 | @aB82-057@v4 | |
| 701 | 0 | @a王蒲生@f(1962~)@4著@Awang pu sheng |
| 801 | 0 | @aCN@b大连网信软件有限公司图书馆·11@c20090929 |
| 905 | @a10447@dB82-057@eJY170 | |
| 科学活动中的行为规范/王蒲生著.-呼和浩特:内蒙古人民出版社,2006 |
| 291页;21cm .-(清华大学科技哲学文丛 ) |
| 清华大学亚洲研究中心2005年度课题成果 清华大学人文社会科学学院出版基金支助 |
| ISBN 7-204-08367-9:CNY21.80 |
| 本书分为“理论与规范”和“案例分析”两编。内容包括有关科学研究的行为规范、学术信誉分配中的问题及规范等。 |
| ● |
| 相关链接 |
|
|
|
|
正题名:科学活动中的行为规范
索取号:B82-057/JY170
 
预约/预借
| 序号 | 登录号 | 条形码 | 馆藏地/架位号 | 状态 | 备注 |
| 1 | 7829700 | 278297004 | 学院路分馆/ [索取号:B82-057/JY170] | 在馆 |